000 00496nam a2200145Ia 4500
008 090122s9999 xx 000 0 und d
082 _b4091
_a920.71
100 _aकोल्हापुरे
_bपंढरीनाथ
245 _aगानयोगी शिवपुञ
600 _aकोल्हापुरे
630 _aगानयोगी शिवपुञ
700 _aकोल्हापुरे
730 _aगानयोगी शिवपुञ
942 _cBOOK
999 _c28169
_d28169